Responses for Show #5672 - Tuesday, April 14, 2009

Contestants

[<< previous game]

Regan Hofmann, an editor from Astoria, New York

Marc Sacks, an international development manager from Washington, D.C.

Michael O'Malley, a prosecutor from Chicago, Illinois (whose 1-day cash winnings total $15,000)

[next game >>]

Jeopardy! Round responses

I THEE WED
BAND DEBUTS BY DECADE
SCANDALOUS NURSERY RHYMES
"C"OOKING
SOME CALL IT BLASPHEMY
ALPHABETICALLY LAST LETTER
    $200 21
Prince Rainier

Regan
    $200 16
the '50s

Marc
    $200 22
Humpty Dumpty

Michael
    $200 2
calamari

Michael
    $200 1
Martin Luther

Regan
    $200 11
Y

Michael
    $400 27
Gandhi

Marc
    $400 17
the '60s

Michael
    $400 23
a shoe

Michael
    $400 7
chorizo

Regan
    $400 3
Bill Maher

Regan
    $400 12
O

Regan
    $600 28
Prince Andrew

Michael
    $600 18
the '70s

Marc
    $600 24
Georgie Porgie

Regan
    $600 8
cauliflower

Marc
    $600 4
(Salman) Rushdie

Michael
    $600 13
T

Michael
    $800 29
(Ferdinand) Marcos

Regan
    $800 19
the '90s

Marc
    $800 25
[Regan rings in as the time's-up signal sounds.]
(Alex: [*], cat in the fiddle, the cow jumped over the moon. Sorry Regan, not quickly enough.)

"Hey Diddle Diddle"

Triple Stumper
    $800 9
cilantro

Marc
    $800 5
the Inquisition

Marc
    $800 14
R

Michael
    $1000 30
Donald Trump

Regan
    $1000 20
the 2000s

Marc
    $1000 26
(Marc: Who are Wynken, Blynken & Nod?)

a butcher, a baker & a candlestick maker

MarcRegan
    $2,000 10
chipotle

Marc
    $1000 6
Strindberg

Marc
    $1000 15
U

Marc

Scores at the first commercial break (after clue 15):

Michael Marc Regan
$2,400 $6,200 $1,400

Scores at the end of the Jeopardy! Round:

Michael Marc Regan
$4,000 $8,200 $5,000

Double Jeopardy! Round responses

"GREAT" LEADERS
STAGE & SCREEN ROLE
PREFIXED WORDS
CAMPAIGN TRAIL MIX
IF YOU BUILD IT
THEY WILL COME
    $400 1
Catherine the Great

Michael
    $400 6
(Michael: Who is Helen Keller?)

Anne Bancroft

MichaelRegan
    $400 13
a megaphone

Michael
    $400 11
Carter & Mondale

Marc
    $400 21
Florida

Regan
    $400 26
(Regan: What is Islam?)

Hinduism

MarcRegan
    $800 2
Constantine the Great

Michael
    $800 7
Matthew Broderick

Triple Stumper
    $800 14
ultraviolet light

Michael
    $800 12
flip-flops

Regan
    $800 22
the public library

Regan
    $800 27
Boston

Michael
    $1200 3
Kamehameha the Great

Michael
    $1200 8
Joel Grey

Regan
    $1200 15
intramural

Regan
    $2,000 18
(Ross) Perot

Michael
    $1200 23
Beverly Hills

Marc
    $1200 28
Earth Day

Michael
    $1600 4
Frederick the Great

Michael
    $1600 9
(Frank) Langella

Michael
    $1600 16
a subway

Michael
    $1600 19
Feinstein

Marc
    $1600 24
Mexico City

Michael
    $2,000 29
John Paul II

Michael
    $2000 5
Alfred the Great

Triple Stumper
    $2000 10
Paul Scofield

Michael
    $2000 17
octane

Triple Stumper
    $2000 20
James Garfield

Triple Stumper
    $2000 25
Beijing

Marc
    $2000 30
Davos

Michael

Scores at the end of the Double Jeopardy! Round:

Michael Marc Regan
$23,600 $13,800 $9,400

[wagering suggestions for these scores]

Final Jeopardy! Round responses

COLLEGES & UNIVERSITIES
ReganWhat is Seven Sisters?
$9,398
MarcWhat is the Ivy League?
$9,801
MichaelWhat is Seven Sisters?
$4,001
Ivy League

Final scores:

Michael Marc Regan
$19,599 $23,601 $2
2nd place: $2,000 New champion: $23,601 3rd place: $1,000

Game dynamics:

Coryat scores:

Michael Marc Regan
$22,400 $12,800 $9,400
24 R
(including 2 DDs),
1 W
16 R
(including 1 DD),
1 W
15 R,
1 W

Combined Coryat: $44,600

[game clues] [game scores] [suggest correction]

Game tape date: 2009-02-04
The J! Archive is created by fans, for fans. Scraping, republication, monetization, and malicious use prohibited; this site may use cookies and collect identifying information. See terms. The Jeopardy! game show and all elements thereof, including but not limited to copyright and trademark thereto, are the property of Jeopardy Productions, Inc. and are protected under law. This website is not affiliated with, sponsored by, or operated by Jeopardy Productions, Inc. Join the discussion at JBoard.tv.